<?xml version="1.0" encoding="UTF-8"?><?xml-stylesheet type="text/xsl" href="static/style.xsl"?><OAI-PMH xmlns="http://www.openarchives.org/OAI/2.0/" xmlns:xsi="http://www.w3.org/2001/XMLSchema-instance" xsi:schemaLocation="http://www.openarchives.org/OAI/2.0/ http://www.openarchives.org/OAI/2.0/OAI-PMH.xsd"><responseDate>2026-04-13T01:27:42Z</responseDate><request verb="GetRecord" identifier="oai:www.recercat.cat:2072/232521" metadataPrefix="marc">https://recercat.cat/oai/request</request><GetRecord><record><header><identifier>oai:recercat.cat:2072/232521</identifier><datestamp>2025-03-11T16:33:57Z</datestamp><setSpec>com_2072_220028</setSpec><setSpec>com_2072_4427</setSpec><setSpec>col_2072_479371</setSpec></header><metadata><record xmlns="http://www.loc.gov/MARC21/slim" xmlns:dcterms="http://purl.org/dc/terms/" xmlns:xsi="http://www.w3.org/2001/XMLSchema-instance" xmlns:doc="http://www.lyncode.com/xoai" xsi:schemaLocation="http://www.loc.gov/MARC21/slim http://www.loc.gov/standards/marcxml/schema/MARC21slim.xsd">
   <leader>00925njm 22002777a 4500</leader>
   <datafield ind2=" " ind1=" " tag="042">
      <subfield code="a">dc</subfield>
   </datafield>
   <datafield ind2=" " ind1=" " tag="720">
      <subfield code="a">Santacana, Joan, 1948-</subfield>
      <subfield code="e">author</subfield>
   </datafield>
   <datafield ind2=" " ind1=" " tag="720">
      <subfield code="a">Belarte Franco, Maria Carme</subfield>
      <subfield code="e">author</subfield>
   </datafield>
   <datafield ind2=" " ind1=" " tag="260">
      <subfield code="c">2008</subfield>
   </datafield>
   <datafield ind2=" " ind1=" " tag="520">
      <subfield code="a">Voici une réflexion autour des restitutions archéologiques et de leurs fonctions du point de vue de la recherche et du point de vue pédagogique. Nous abordons quelques cas méthodologiques propres à l’Espagne, pays où la tendance dominante est à la simple présentation des ruines, protégées ou restaurées suivant des critères d’intervention minimale. Néanmoins,&#xd;
plusieurs expériences de reconstruction ou reconstitution sur place ont été mises en place dans des années 1990. Plus précisément, ces expériences correspondent à deux modèles différents : la restitution sur place et la réplique. Quant au modèle de transfert, il n’a pas été adopté pour la restitution des sites archéologiques, mais il existe de nombreux exemples de monuments médiévaux et d’époque moderne qui ont été déplacés de leur emplacement d’origine.</subfield>
   </datafield>
   <datafield ind2=" " ind1=" " tag="520">
      <subfield code="a">This is a reflection on archaeological restitutions and their function both in terms of research and pedagogically. We will study several methodological cases which are particular to Spain, a country in which the predominant tendency is to the simple presentation of ruins, protected or restored according to criteria of minimal intervention.Nevertheless, several experiences of&#xd;
reconstruction or reconstitution were realised in the nineties (XXth century ). To be more precise, these experiences can be divided into two categories : in-situ restitution or replicas. As for the transfer model, it was not adopted for the restitution of archaeological sites, but there are numerous examples of mediaeval and modern monuments which have been removed&#xd;
from their original emplacements.</subfield>
   </datafield>
   <datafield ind1="8" ind2=" " tag="024">
      <subfield code="a">Santacana, J.; Belarte, M.C. (2008) «La restitution archéologique comme modèle: le cas espagnol» De la restitution en archéologie, Editions du Patrimoine. 15 p.</subfield>
   </datafield>
   <datafield ind1="8" ind2=" " tag="024">
      <subfield code="a">http://hdl.handle.net/2072/232521</subfield>
   </datafield>
   <datafield ind2="0" ind1="0" tag="245">
      <subfield code="a">La restitution archéologique comme modèle: le cas espagnol</subfield>
   </datafield>
</record></metadata></record></GetRecord></OAI-PMH>